000
00326 a2200169 4500
001
186718
020
_a
978-85-260-0621-8
040
_c
Magnum
100
_a
Furnari, Eva
240
1
0
_a
Nós
_l
por
245
1
0
_a
Nós
300
_a
30
362
0
_a
2003
440
1
_a
Global
697
_a
LITERATURA INFANTO
942
_c
BK
999
_c
186718
_d
186718